000 00648nam a2200193Ia 4500
003 GCL
008 140319s9999 xx 000 0 ara d
040 _aGCL /
_cGCL
082 0 4 _a352.53
_bا ت
100 1 _aاحمد سعد عبداللطيف
245 1 0 _aالتأجير التمويلي /
_cاحمد سعد عبداللطيف
260 _aالقاهرة :
_bكلية التجارة - جامعة القاهرة ،
_c2000
300 _a395 ص ؛
_c22 سم
490 _aسلسلة مراجع المدير المالي
_v1
650 0 4 _aالاستثمار
650 0 4 _aعقود الايجار
650 0 4 _aالتمويل
942 _2ddc
_cBK
999 _c2094
_d2094